000 00305nam a2200109 a 4500
005 20140414131915.0
008 100915s19uu xx 00 eng d
050 _aFIC
_bC16 2007
245 _aCan you keep a secret /
_cedited by Lois Metzger.
260 _aNew York :
_bScholastic ,
_c2007.
999 _c111404
_d111404